000 00621nam a2200229 i 4500
001 14142
003 ES-MaACL
005 20260616130210.0
007 t|
008 981008s1995 sp ||||1| spa d
020 _a84-85708-44-X
080 _a821.14-13"-08"
100 0 _aHomero
_eaut
_964112
245 1 0 _aIlíada /
_cHomero ; versión rítmica de Agustín García Calvo.
250 _a1ª ed.
260 _aZamora :
_bLucina,
_c1995.
300 _a617 p. ;
_c24 cm.
700 1 _aGarcía Calvo, Agustín,
_d1926-2012
_eaut
_9233841
852 _aES-MaACL
_jL-21471
_bR.126729
942 _2udc
999 _c14142
_d14142